000 00707nam a2200205 i 4500
001 189818
003 ES-MaACL
005 20230906223549.0
008 191128s1967 sp |||| | spa d
100 1 _aKuznetsov, Anatoliï Vasil'evich.
_9168931
245 1 0 _aBabi Yar
_b: el vértigo del terror /
_c[por] Anatoly Kuznetsov ; [traducción María R. Sanagustín].
260 _aBarcelona :
_bDima,
_c1967.
300 _a214 p. ;
_c23 cm.
490 1 _aColección "Nuestros días" ;
_v9
650 _aMasacre de Babi Yar, 1941.
_9168933
700 1 _aSanagustín, María Rosario.
_9102323
830 0 _aColección "Nuestros días" ;
_v9
_9193408
852 _aES-MaACL
_jP-1091-9
999 _c189818
_d189818